000 004430000a22001810004500
041 0 _aSPA
082 0 4 _aG 237.7 P1162e
100 1 _aPache, René
245 1 0 _a¿Existe el infierno? / René Pache ; Juan A. Monroy, Traductor
260 _aTELL
300 _a87 Pag
650 1 4 _aINFIERNO
001 4579
942 _cBK
999 _c35157
_d35157
336 _atexto
_btxt
_2rdacontent
337 _2rdamedia
_asin mediación
_bn
338 _2rdacarrier
_avolumen
_bnc